Statistics for Cities In Between

Click here to take the quiz!

General Stats

  • This quiz has been taken 10 times
  • The average score is 3 of 8

Answer Stats

HintAnswer% Correct
Shanghai | Mexico CityJakarta | New Delhi | Manila | Mumbai | Seoul
100%
Cairo | Los AngelesDhaka | Beijing | Lagos | Bangkok | Karachi
67%
London | KinshasaJohannesburg | Rio de Janeiro | Lahore | Tianjin
56%
Nagoya | BogotaHyderabad | Lima | Xiamen | Chicago
44%
Toronto | DallasPhiladelphia | Santiago
11%
Riyadh | BostonShenyang | Singapore | San Francisco
11%
Taipei | WashingtonWuhan | Kuala Lumpur | Ho Chi Minh City
11%
Atlanta | The RuhrAlexandria | Detroit
0%

Score Distribution

Percentile by Number Answered

Percent of People with Each Score

Your Score History

You have not taken this quiz